First Movie Made by Every Animation Company - Statistics

General Stats
  • This quiz has been taken 9 times
  • The average score is 5 of 14
Answer Stats
Hint Answer % Correct
Dreamworks Animation: Antz
78%
Walt Disney Animation Studios: Snow White and the Seven Dwarfs
78%
Pixar Animation Studios: Toy Story
78%
Blue Sky Studios: Ice Age
67%
Illumination: Despicable Me
56%
Studio Ghibli: Castle in the Sky
33%
Aardman Animation: Chicken Run
33%
Nickelodeon Animation Studio: The Rugrats Movie
22%
Netflix Animation: Klaus
11%
Sony Pictures Animation: Open Season
11%
Warner Bros. Animation: Space Jam
11%
MAPPA / Madhouse: In This Corner of the World
0%
Sky Dance Animation: Luck
0%
Paramount Animation: The SpongeBob Movie: Sponge Out of Water
0%
No matching quizzes found
Score Distribution
Percent of People with Each Score
Percentile by Number Answered
Your Score History
You have not taken this quiz